| 000 | 00517nam a2200217Ia 4500 | ||
|---|---|---|---|
| 003 | 0100 | ||
| 008 | 130303s9999 xx 000 0 und d | ||
| 040 | _cARRUPELIB | ||
| 050 | _aBL80.2.L47 1969b | ||
| 100 | _aLewis, Hywel David | ||
| 245 | 4 | _aThe study of religions | |
| 245 | _bmeeting points and major issues | ||
| 260 | _aHarmondsworth | ||
| 260 | _bPenguin Books | ||
| 260 | _C1969 | ||
| 300 | _a222p. | ||
| 300 | _b 18cm. | ||
| 650 | _aRELIGION | ||
| 700 | _aSlater , Robert Lawson | ||
| 942 | 0 | 0 | _01 |
| 999 |
_c35147 _d35147 |
||